[Event "Mazowiec-chT op 1112"]
[Site "Poland"]
[Date "2012.02.05"]
[Round "5.40"]
[White "Rozycki, Dariusz"]
[Black "Paczuski, Tomasz"]
[Result "1/2-1/2"]
[WhiteElo "1500"]
[BlackElo "1978"]
[PlyCount "71"]
[EventDate "2012.01.08"]
[EventType "team-swiss"]
[EventRounds "10"]
[EventCountry "POL"]
[SourceTitle "EXT 2019"]
[Source "ChessBase"]
[SourceDate "2018.10.10"]
[SourceVersion "1"]
[SourceVersionDate "2018.10.10"]
[SourceQuality "1"]

1. e4 d6 2. d4 Nf6 3. Nc3 Nbd7 4. Bg5 e5 5. dxe5 Nxe5 6. f4 Neg4 7. h3 Ne3 8. Qd3 Nxf1 9. 0-0-0 Be7 10. Rxf1 c6 11. Nf3 0-0 12. f5 Nh5 13. Bxe7 Qxe7 14. Nd2 Rd8 15. g4 Nf6 16. g5 Nd7 17. f6 Qe6 18. h4 b5 19. Kb1 Ba6 20. b4 Ne5 21. Qg3 Bb7 22. fxg7 a5 23. Rf6 Qe7 24. Qf4 axb4 25. Ne2 Bc8 26. h5 Be6 27. Nb3 Qa7 28. Nec1 Qa3 29. g6 fxg6 30. Rxe6 Nc4 31. Qf6 Qa7 32. hxg6 Na3+ 33. Kb2 Nc4+ 34. Kb1 Na3+ 35. Kb2 Nc4+ 36. Kb1 1/2-1/2

[Event "POL-chT3 Mazowiecki"]
[Site "Warsaw"]
[Date "2011.03.06"]
[Round "7.44"]
[White "Paczuski, Tomasz"]
[Black "Hryszkiewicz, Michal"]
[Result "0-1"]
[WhiteElo "1991"]
[BlackElo "1784"]
[PlyCount "69"]
[EventDate "2011.01.09"]
[EventType "team-tourn"]
[EventRounds "10"]
[EventCountry "POL"]
[SourceTitle "EXT 2015"]
[Source "ChessBase"]
[SourceDate "2014.11.20"]
[SourceVersion "1"]
[SourceVersionDate "2014.11.20"]
[SourceQuality "1"]
[WhiteTeam "Jablonna Lotos"]
[BlackTeam "Wyszkow"]
[WhiteTeamCountry "POL"]
[BlackTeamCountry "POL"]

1. c4 e5 2. g3 d6 3. Bg2 g6 4. d4 exd4 5. Qxd4 Qf6 6. Nf3 Nc6 7. Qd1 Bg7 8. Nc3 Qd8 9. 0-0 Nf6 10. Nd4 Bd7 11. Bg5 Qc8 12. Qd2 0-0 13. Rad1 Re8 14. Nxc6 Bxc6 15. Nd5 Nxd5 16. cxd5 Bb5 17. Rfe1 Qg4 18. Bf3 Qc4 19. Rc1 Qxa2 20. Rxc7 Ba6 21. Qf4 f5 22. Rec1 Qxb2 23. R1c2 Qe5 24. Qh4 Rf8 25. Qb4 Rae8 26. Bf4 Qa1+ 27. Rc1 Qd4 28. Qxd6 Bxe2 29. Qd7 Bxf3 30. Bh6 Bxd5 31. Bxg7 Qe4 32. Qxd5+ Qxd5 33. Bxf8 Rxf8 34. Re1 Rf7 35. Rc8+ 0-1

[Event "Mazowiec-chT op 0910"]
[Site "Mazowsze"]
[Date "2010.03.14"]
[Round "9.13"]
[White "Kozerski, Zbigniew"]
[Black "Paczuski, Tomasz"]
[Result "0-1"]
[WhiteElo "1957"]
[BlackElo "1996"]
[PlyCount "94"]
[EventDate "2009.11.29"]
[EventType "team-tourn"]
[EventRounds "10"]
[EventCountry "POL"]
[SourceTitle "EXT 2011"]
[Source "ChessBase"]
[SourceDate "2010.11.26"]
[SourceVersion "1"]
[SourceVersionDate "2010.11.26"]
[SourceQuality "1"]

1. e4 c5 2. Nf3 a6 3. d4 cxd4 4. Nxd4 d6 5. Be2 Nf6 6. Nc3 e5 7. Nb3 Be6 8. Bg5 Be7 9. Bxf6 Bxf6 10. 0-0 0-0 11. Nd5 Bg5 12. c3 Nd7 13. Qd3 Nb6 14. Ne3 Rc8 15. Nd2 Qc7 16. Nf3 Bf6 17. Rfc1 Qc6 18. c4 Nd7 19. Nd5 Bd8 20. Qe3 f5 21. exf5 Bxf5 22. Nd2 Nc5 23. Bf3 Qe8 24. Ne4 Qg6 25. Nxc5 Rxc5 26. Qe1 Bd3 27. Be2 Be4 28. Bf1 Rxd5 29. cxd5 Bb6 30. Rd1 Bxf2+ 31. Qxf2 Rxf2 32. Kxf2 Bxd5 33. Kg1 Bc6 34. Bc4+ Kf8 35. Bd5 Ke7 36. Rac1 Kd7 37. Rd2 Qg5 38. Rcd1 Qe3+ 39. Kh1 Qc5 40. h3 Ke7 41. a3 Bxd5 42. Rxd5 Qc6 43. Kh2 Ke6 44. R5d2 d5 45. Re1 e4 46. Kg3 Ke5 47. Red1 Qc5 0-1

[Event "Mazowiec-chT op 0910"]
[Site "Mazowsze"]
[Date "2010.01.17"]
[Round "4.9"]
[White "Brewczynski, Robert"]
[Black "Paczuski, Tomasz"]
[Result "1-0"]
[WhiteElo "2082"]
[BlackElo "1996"]
[PlyCount "101"]
[EventDate "2009.11.29"]
[EventType "team-tourn"]
[EventRounds "10"]
[EventCountry "POL"]
[SourceTitle "EXT 2011"]
[Source "ChessBase"]
[SourceDate "2010.11.26"]
[SourceVersion "1"]
[SourceVersionDate "2010.11.26"]
[SourceQuality "1"]

1. d4 Nf6 2. Nf3 e6 3. c4 Bb4+ 4. Bd2 Qe7 5. Nc3 Bxc3 6. Bxc3 Ne4 7. Qc2 Nxc3 8. Qxc3 0-0 9. g3 b6 10. Bg2 Bb7 11. 0-0 Na6 12. Rad1 Be4 13. a3 c5 14. d5 exd5 15. cxd5 d6 16. Rfe1 Nc7 17. Nh4 f5 18. f3 Bxd5 19. Rxd5 Nxd5 20. Qc4 Qf7 21. f4 Nc7 22. Qxf7+ Rxf7 23. Bxa8 Nxa8 24. e4 fxe4 25. Rxe4 Nc7 26. Nf3 h6 27. h4 Kf8 28. Re2 Rf5 29. Kf2 Kf7 30. Nd2 Ne6 31. Ne4 Ke7 32. Nd2 g5 33. hxg5 hxg5 34. Nf3 gxf4 35. g4 Rf6 36. Re1 Kd7 37. Rh1 Kc6 38. Rh5 Rg6 39. g5 Kd5 40. Rh7 Nd4 41. Rxa7 Nxf3 42. Kxf3 Rxg5 43. Kxf4 Rg2 44. b4 Rb2 45. bxc5 dxc5 46. Ke3 Kc4 47. a4 Kb4 48. Ra6 Rb3+ 49. Kd2 Kc4 50. Kc2 Rb4 51. a5 1-0

[Event "Mazowiec-chT op"]
[Site "Mazowsze"]
[Date "2009.04.05"]
[Round "7"]
[White "Paczuski, Tomasz"]
[Black "Kosny, Marek"]
[Result "1-0"]
[WhiteElo "1996"]
[BlackElo "2002"]
[PlyCount "57"]
[EventDate "2009.01.11"]
[EventType "team-tourn"]
[EventRounds "10"]
[EventCountry "POL"]
[SourceTitle "EXT 2013"]
[Source "ChessBase"]
[SourceDate "2012.11.22"]
[SourceVersion "1"]
[SourceVersionDate "2012.11.22"]
[SourceQuality "1"]

1. e4 Nf6 2. e5 Nd5 3. c4 Nb6 4. c5 Nd5 5. Bc4 e6 6. d4 d6 7. cxd6 cxd6 8. Nf3 Nc6 9. 0-0 Nb6 10. Be2 Be7 11. Nc3 d5 12. Bf4 a6 13. Qd2 Bd7 14. Rac1 Rc8 15. Bd3 h6 16. Qe2 g5 17. Be3 f5 18. exf6 Bxf6 19. Ne5 Nxe5 20. dxe5 Bg7 21. Qh5+ Ke7 22. Qg6 Bxe5 23. Bxb6 Qf8 24. Nxd5+ exd5 25. Rxc8 Qxc8 26. Re1 Be6 27. Rxe5 Rf8 28. Bc5+ Qxc5 29. Qxe6+ 1-0

[Event "Mazowiec-chT op"]
[Site "Mazowsze"]
[Date "2009.02.15"]
[Round "3"]
[White "Paczuski, Tomasz"]
[Black "Hryszkiewicz, Marcin"]
[Result "1-0"]
[WhiteElo "1996"]
[BlackElo "1796"]
[PlyCount "95"]
[EventDate "2009.01.11"]
[EventType "team-tourn"]
[EventRounds "10"]
[EventCountry "POL"]
[SourceTitle "EXT 2013"]
[Source "ChessBase"]
[SourceDate "2012.11.22"]
[SourceVersion "1"]
[SourceVersionDate "2012.11.22"]
[SourceQuality "1"]

1. e4 e6 2. d4 d5 3. Nd2 Nf6 4. e5 Nfd7 5. Bd3 c5 6. c3 Nc6 7. Ne2 Qb6 8. Nf3 cxd4 9. cxd4 Bb4+ 10. Bd2 Be7 11. 0-0 f6 12. exf6 Nxf6 13. Bc3 Qc7 14. Rc1 0-0 15. Ne5 Bd6 16. f4 Bd7 17. Qe1 Be7 18. Rf3 Be8 19. Rh3 Ne4 20. Ng3 Nxe5 21. Bxe4 dxe4 22. fxe5 Qb6 23. Nxe4 Bg6 24. Qe3 Rac8 25. Re1 Qc6 26. Rf3 Rfd8 27. Ng5 b5 28. a3 Qb6 29. Ref1 a5 30. Nf7 Rd7 31. Nd6 Rcd8 32. Qd2 Ra8 33. b3 Bxd6 34. exd6 Rxd6 35. Bxa5 Qxd4+ 36. Qxd4 Rxd4 37. Bb4 Rdd8 38. Re3 Re8 39. h3 Rad8 40. Rfe1 Bf7 41. Re5 Rd5 42. Kf2 Red8 43. Kg3 g6 44. Kf4 Kg7 45. g4 h6 46. h4 Rd4+ 47. R1e4 R4d5 48. g5 1-0

[Event "Warsaw City-ch"]
[Site "Warsaw"]
[Date "2008.10.01"]
[Round "5"]
[White "Paczuski, Tomasz"]
[Black "Wolochowicz, Piotr"]
[Result "1/2-1/2"]
[WhiteElo "2005"]
[BlackElo "2045"]
[PlyCount "106"]
[EventDate "2008.09.27"]
[EventType "swiss"]
[EventRounds "9"]
[EventCountry "POL"]
[SourceTitle "EXT 2010"]
[Source "ChessBase"]
[SourceDate "2010.11.25"]
[SourceVersion "1"]
[SourceVersionDate "2010.11.25"]
[SourceQuality "1"]

1. Nf3 Nf6 2. g3 g6 3. Bg2 Bg7 4. 0-0 0-0 5. d4 d5 6. c3 b6 7. c4 c6 8. Ne5 Bb7 9. Qa4 Nfd7 10. f4 f6 11. cxd5 fxe5 12. dxc6 Bxc6 13. Bxc6 Nxc6 14. Qxc6 exd4 15. Qd5+ Kh8 16. e4 Nc5 17. Qxd8 Rfxd8 18. e5 a5 19. Na3 Bf8 20. Rd1 e6 21. Nb5 d3 22. Be3 Kg7 23. Kg2 Kf7 24. Kf3 Rd7 25. Rd2 Rad8 26. Rad1 h5 27. Bxc5 Bxc5 28. Nd6+ Bxd6 29. Rxd3 Ke7 30. exd6+ Rxd6 31. Rxd6 Rxd6 32. Rxd6 Kxd6 33. Ke4 a4 34. Kd4 b5 35. h4 Kc6 36. Ke5 Kc5 37. Kxe6 Kd4 38. Kf6 Kd3 39. Kxg6 Kc2 40. f5 Kxb2 41. f6 Kxa2 42. f7 b4 43. f8Q b3 44. Qf7 a3 45. Kxh5 Kb2 46. Qf6+ Ka2 47. Qe6 Kb2 48. Qe5+ Ka2 49. Qd5 Kb2 50. Qd2+ Kb1 51. Qc3 Ka2 52. Qc4 Kb2 53. Qe2+ Kb1 1/2-1/2

[Event "Warsaw City-ch"]
[Site "Warsaw"]
[Date "2008.09.30"]
[Round "4"]
[White "Olenderek, Tomasz"]
[Black "Paczuski, Tomasz"]
[Result "1-0"]
[WhiteElo "2166"]
[BlackElo "2005"]
[PlyCount "53"]
[EventDate "2008.09.27"]
[EventType "swiss"]
[EventRounds "9"]
[EventCountry "POL"]
[SourceTitle "EXT 2010"]
[Source "ChessBase"]
[SourceDate "2010.11.25"]
[SourceVersion "1"]
[SourceVersionDate "2010.11.25"]
[SourceQuality "1"]

1. d4 Nf6 2. Nf3 e6 3. Nbd2 c5 4. e3 b6 5. Bd3 Bb7 6. 0-0 Be7 7. c3 0-0 8. e4 d6 9. Re1 Nc6 10. a3 a5 11. Nf1 Ba6 12. Bc2 Bxf1 13. Kxf1 cxd4 14. cxd4 b5 15. Qd3 e5 16. dxe5 Nxe5 17. Nxe5 dxe5 18. Qxb5 Rc8 19. Ba4 Ng4 20. Qd7 f5 21. Qxd8 Rcxd8 22. h3 Nxf2 23. Kxf2 Bh4+ 24. g3 fxe4+ 25. Kg2 Rf3 26. gxh4 Rdd3 27. Rxe4 1-0

[Event "Warsaw City-ch"]
[Site "Warsaw"]
[Date "2008.09.29"]
[Round "3"]
[White "Paczuski, Tomasz"]
[Black "Wiszniowski, Eugeniusz"]
[Result "1-0"]
[WhiteElo "2005"]
[BlackElo "1795"]
[PlyCount "55"]
[EventDate "2008.09.27"]
[EventType "swiss"]
[EventRounds "9"]
[EventCountry "POL"]
[SourceTitle "EXT 2010"]
[Source "ChessBase"]
[SourceDate "2010.11.25"]
[SourceVersion "1"]
[SourceVersionDate "2010.11.25"]
[SourceQuality "1"]

1. e4 c5 2. Nf3 d6 3. d4 cxd4 4. Nxd4 a6 5. Nc3 Nf6 6. Be3 Ng4 7. Qd2 Nxe3 8. Qxe3 e6 9. 0-0-0 b5 10. f4 Be7 11. Kb1 Bb7 12. Bd3 Nd7 13. e5 d5 14. Qg3 g6 15. h4 Nc5 16. h5 Nxd3 17. Qxd3 Qb6 18. hxg6 fxg6 19. Rxh7 Rxh7 20. Qxg6+ Rf7 21. Nxe6 Qa5 22. Ng7+ Kf8 23. Rh1 Bh4 24. Rxh4 Rxg7 25. Rh8+ Ke7 26. Qxg7+ Ke6 27. Qf6+ Kd7 28. Qd6# 1-0

[Event "Mazowiec-chT 0708"]
[Site "Poland"]
[Date "2008.01.06"]
[Round "6"]
[White "Parczewski, Janusz"]
[Black "Paczuski, Tomasz"]
[Result "0-1"]
[WhiteElo "2020"]
[BlackElo "2005"]
[PlyCount "72"]
[EventDate "2007.10.14"]
[EventType "team-tourn"]
[EventRounds "10"]
[EventCountry "POL"]
[SourceTitle "EXT 2010"]
[Source "ChessBase"]
[SourceDate "2010.11.25"]
[SourceVersion "1"]
[SourceVersionDate "2010.11.25"]
[SourceQuality "1"]

1. d4 Nf6 2. c4 e6 3. Nc3 Bb4 4. Qc2 0-0 5. a3 Bxc3+ 6. Qxc3 Ne4 7. Qc2 f5 8. Nf3 b6 9. g3 Bb7 10. Bg2 d6 11. 0-0 Nd7 12. Ng5 Nxg5 13. Bxb7 Rb8 14. Bc6 Nf7 15. e4 fxe4 16. Qxe4 e5 17. f4 Nf6 18. Qd3 exd4 19. Qxd4 d5 20. cxd5 Qd6 21. Be3 Ng4 22. h3 Nxe3 23. Qxe3 Nd8 24. Ba4 c6 25. dxc6 Nxc6 26. Rad1 Qg6 27. f5 Qf6 28. Qe6+ Qxe6 29. fxe6 b5 30. Bb3 Rxf1+ 31. Kxf1 Kf8 32. Rd7 Na5 33. Bd5 Nc4 34. Rf7+ Kg8 35. e7 Ne3+ 36. Ke2 Nxd5 0-1

[Event "Mazowiec-chT 0708"]
[Site "Poland"]
[Date "2007.11.18"]
[Round "3"]
[White "Paczuski, Tomasz"]
[Black "Dobrowolski, Marcin"]
[Result "0-1"]
[WhiteElo "2005"]
[BlackElo "1907"]
[PlyCount "93"]
[EventDate "2007.10.14"]
[EventType "team-tourn"]
[EventRounds "10"]
[EventCountry "POL"]
[SourceTitle "EXT 2010"]
[Source "ChessBase"]
[SourceDate "2010.11.25"]
[SourceVersion "1"]
[SourceVersionDate "2010.11.25"]
[SourceQuality "1"]

1. e4 d6 2. d4 Nf6 3. Nc3 c6 4. Nf3 Nbd7 5. e5 Nd5 6. Bc4 N7b6 7. Bb3 Bg4 8. h3 Bh5 9. Ne4 dxe5 10. dxe5 e6 11. 0-0 c5 12. Bg5 Qc7 13. Nd6+ Bxd6 14. exd6 Bxf3 15. Qxf3 Qxd6 16. c4 Nc7 17. Bf4 Qe7 18. Qxb7 Rc8 19. Ba4+ Kf8 20. Qc6 Ncd5 21. Qxc8+ Nxc8 22. cxd5 Nb6 23. Bc6 Nxd5 24. Bh2 f6 25. Rfe1 Nb6 26. Rad1 e5 27. f4 Qc7 28. fxe5 Qxc6 29. Rd8+ Kf7 30. Rxh8 fxe5 31. Bxe5 Nd7 32. Bc3 Nf6 33. Bxf6 Kxf6 34. Rxh7 Qd5 35. Rh4 Qxa2 36. Rf4+ Kg6 37. Rg4+ Kh6 38. Re7 Qa1+ 39. Kh2 Qxb2 40. Rxa7 Qe5+ 41. Kh1 Qe1+ 42. Kh2 Qe5+ 43. Rg3 c4 44. Ra6+ Kh7 45. Rc6 Qf4 46. Rc5 Kh6 47. Rc8 0-1

[Event "POL-chT Mazovia 06/07 op"]
[Site "Poland"]
[Date "2006.12.10"]
[Round "5.6"]
[White "Pac, Maciej"]
[Black "Paczuski, Tomasz"]
[Result "0-1"]
[WhiteElo "1843"]
[BlackElo "2034"]
[PlyCount "58"]
[EventDate "2006.10.22"]
[EventType "team-swiss"]
[EventRounds "10"]
[EventCountry "POL"]
[SourceTitle "EXT 2019"]
[Source "ChessBase"]
[SourceDate "2018.10.10"]
[SourceVersion "1"]
[SourceVersionDate "2018.10.10"]
[SourceQuality "1"]
[WhiteTeam "Warszawa Entropia IV"]
[BlackTeam "Legion Legionowo"]
[WhiteTeamCountry "POL"]
[BlackTeamCountry "POL"]

1. e4 c5 2. Nf3 Nc6 3. d4 cxd4 4. Nxd4 e5 5. Nb5 d6 6. N1c3 a6 7. Na3 Be6 8. Nd5 Nf6 9. Bg5 Bxd5 10. exd5 Qa5+ 11. c3 Qxd5 12. Qxd5 Nxd5 13. 0-0-0 Nb6 14. Be3 Na4 15. Bc4 Rc8 16. Bd5 Be7 17. Rd2 0-0 18. Rhd1 b5 19. Kb1 Rc7 20. Nc2 a5 21. f4 Rb8 22. fxe5 dxe5 23. Ka1 b4 24. Bxc6 Rxc6 25. cxb4 axb4 26. a3 Ra6 27. Rd7 bxa3 28. Nxa3 Nxb2 29. Rd8+ Bxd8 0-1

[Event "Mazowieckie-chT 0506"]
[Site "Poland"]
[Date "2005.10.23"]
[Round "2"]
[White "Salyga, Marian"]
[Black "Paczuski, Tomasz"]
[Result "0-1"]
[WhiteElo "1800"]
[BlackElo "2050"]
[PlyCount "125"]
[EventDate "2005.10.09"]
[EventType "team-tourn"]
[EventRounds "9"]
[EventCountry "POL"]
[SourceTitle "EXT 2019"]
[Source "ChessBase"]
[SourceDate "2018.10.10"]
[SourceVersion "1"]
[SourceVersionDate "2018.10.10"]
[SourceQuality "1"]

1. d4 Nf6 2. c4 e6 3. Nc3 Bb4 4. Qc2 c5 5. e3 Nc6 6. Nf3 d5 7. a3 Bxc3+ 8. bxc3 0-0 9. Bd3 a6 10. 0-0 dxc4 11. Bxc4 b5 12. Be2 c4 13. e4 h6 14. h3 Bb7 15. Be3 Na5 16. Nd2 Rc8 17. f3 Qc7 18. Rab1 Bc6 19. Bf2 Nh5 20. e5 Nf4 21. Rfe1 f5 22. Bf1 Qf7 23. Kh2 g5 24. g3 Nd5 25. Bg2 Qe7 26. Ra1 Qb7 27. Rab1 Qe7 28. Ra1 Bb7 29. Rec1 Rc7 30. Qb2 Rfc8 31. Rab1 Nb3 32. Rc2 Qg7 33. Nf1 f4 34. g4 Qg6 35. Rd1 Rf8 36. Re2 Rcf7 37. Be1 h5 38. Qc2 Qxc2 39. Rxc2 hxg4 40. hxg4 Ne3 41. Nxe3 fxe3 42. d5 Bxd5 43. Rxd5 exd5 44. Re2 d4 45. cxd4 Nxd4 46. Rxe3 Nxf3+ 47. Kg3 Nxe1 48. Rxe1 Kg7 49. Be4 Re7 50. Bf5 Rfe8 51. e6 Kf6 52. Rd1 Rxe6 53. Bxe6 Rxe6 54. Kf3 Ke5 55. Ke3 Rd6 56. Rf1 Rd3+ 57. Ke2 Rxa3 58. Rf5+ Ke4 59. Rxg5 Ra2+ 60. Kd1 c3 61. Rg7 b4 62. Kc1 a5 63. g5 0-1

[Event "Mazowieckie-chT 0506"]
[Site "Poland"]
[Date "2005.10.09"]
[Round "1"]
[White "Paczuski, Tomasz"]
[Black "Kopczynski, Michal"]
[Result "0-1"]
[WhiteElo "2050"]
[BlackElo "2190"]
[PlyCount "80"]
[EventDate "2005.10.09"]
[EventType "team-tourn"]
[EventRounds "9"]
[EventCountry "POL"]
[SourceTitle "EXT 2019"]
[Source "ChessBase"]
[SourceDate "2018.10.10"]
[SourceVersion "1"]
[SourceVersionDate "2018.10.10"]
[SourceQuality "1"]

1. c4 Nf6 2. g3 g6 3. Bg2 Bg7 4. Nf3 0-0 5. 0-0 d6 6. d3 e5 7. Nbd2 Nc6 8. Rb1 a5 9. b3 Be6 10. a3 Qc8 11. Re1 h6 12. b4 axb4 13. axb4 Bh3 14. Bh1 Ng4 15. b5 Ne7 16. Qb3 Qf5 17. Nf1 Qh5 18. Ne3 Nxe3 19. Bxe3 f5 20. c5+ Kh7 21. cxd6 cxd6 22. Rbc1 f4 23. Bb6 fxg3 24. hxg3 Rac8 25. Rc7 Rxc7 26. Bxc7 Rf6 27. Qa3 Nf5 28. Qa7 Qg4 29. Kh2 h5 30. Rg1 Rf7 31. Bd8 Bh6 32. Qa2 Rf8 33. Bb6 h4 34. Qd5 hxg3+ 35. fxg3 Qh5 36. Qxb7+ Kh8 37. Nh4 Nxh4 38. gxh4 Qxh4 39. Qe4 Bg4+ 40. Kg2 Qh3# 0-1

[Event "Mazowieckie-chT 0405"]
[Site "Poland"]
[Date "2004.10.17"]
[Round "2"]
[White "Adamski, Jan"]
[Black "Paczuski, Tomasz"]
[Result "1-0"]
[WhiteElo "2334"]
[BlackElo "2049"]
[PlyCount "59"]
[EventDate "2004.10.03"]
[EventType "team-tourn"]
[EventRounds "10"]
[EventCountry "POL"]
[SourceTitle "EXT 2019"]
[Source "ChessBase"]
[SourceDate "2018.10.10"]
[SourceVersion "1"]
[SourceVersionDate "2018.10.10"]
[SourceQuality "1"]

1. Nf3 Nf6 2. c4 g6 3. Nc3 Bg7 4. e4 d6 5. d4 0-0 6. Be2 e5 7. Be3 Nc6 8. d5 Ne7 9. Nd2 Ne8 10. 0-0 f5 11. f3 f4 12. Bf2 g5 13. c5 Rf6 14. Nc4 Rh6 15. Nb5 Ng6 16. cxd6 cxd6 17. Nxa7 Nh4 18. Nxc8 Rxc8 19. Nb6 Nxg2 20. Kxg2 Rc7 21. Rc1 Qf6 22. Rxc7 Nxc7 23. Qc2 Qf7 24. Rc1 Qh5 25. Qxc7 Qxh2+ 26. Kf1 Qh1+ 27. Bg1 Rh2 28. Qc8+ Bf8 29. Qe6+ Kh8 30. Qf6+ 1-0